<?xml version="1.0" encoding="UTF-8"?>
<record
    xmlns:xsi="http://www.w3.org/2001/XMLSchema-instance"
    xsi:schemaLocation="http://www.loc.gov/MARC21/slim http://www.loc.gov/standards/marcxml/schema/MARC21slim.xsd"
    xmlns="http://www.loc.gov/MARC21/slim">

  <leader>01160nam a2200205 a 4500</leader>
  <controlfield tag="001">80963</controlfield>
  <controlfield tag="003">BD-RjUL</controlfield>
  <controlfield tag="005">20221213105147.0</controlfield>
  <controlfield tag="008">221213s195?    su            000 0 ara d</controlfield>
  <datafield tag="035" ind1=" " ind2=" ">
    <subfield code="a">(BD-RjUL)80963</subfield>
  </datafield>
  <datafield tag="040" ind1=" " ind2=" ">
    <subfield code="a">BIC</subfield>
    <subfield code="b">eng</subfield>
    <subfield code="c">BD-RjUL</subfield>
  </datafield>
  <datafield tag="041" ind1=" " ind2=" ">
    <subfield code="a">ara</subfield>
  </datafield>
  <datafield tag="082" ind1=" " ind2=" ">
    <subfield code="2">23</subfield>
    <subfield code="a">297</subfield>
    <subfield code="b">IBK 195?</subfield>
  </datafield>
  <datafield tag="100" ind1="1" ind2=" ">
    <subfield code="a">&#x627;&#x628;&#x646; &#x639;&#x628;&#x62F; &#x627;&#x644;&#x648;&#x647;&#x627;&#x628;&#x60C; &#x645;&#x62D;&#x645;&#x62F; &#x628;&#x646; &#x633;&#x644;&#x64A;&#x645;&#x627;&#x646; &#x627;&#x644;&#x62A;&#x645;&#x64A;&#x645;&#x64A; &#x627;&#x644;&#x646;&#x62C;&#x62F;&#x64A;      &#x60C;Ibn Abd al-Wahhab, Muhammad bin Suleiman al-Tamimi al-Najdi,  </subfield>
    <subfield code="d">1115-1206 &#x647;&#x62C;&#x631;&#x64A;[1703-1792].</subfield>
    <subfield code="9">6308</subfield>
  </datafield>
  <datafield tag="245" ind1="1" ind2="0">
    <subfield code="a">&#x643;&#x62A;&#x627;&#x628; &#x641;&#x636;&#x644; &#x627;&#x644;&#x627;&#x633;&#x644;&#x627;&#x645; /kitab fadl alaslam /</subfield>
    <subfield code="c">&#x62A;&#x627;&#x644;&#x64A;&#x641;: &#x645;&#x62D;&#x645;&#x62F; &#x628;&#x646; &#x639;&#x628;&#x62F;&#x627;&#x644;&#x648;&#x647;&#x627;&#x628; &#x61B; &#x642;&#x627;&#x645; &#x628;&#x645;&#x631;&#x627;&#x62C;&#x639;&#x629; &#x646;&#x635;&#x648;&#x635;&#x647; &#x641;&#x64A; &#x627;&#x635;&#x648;&#x644;&#x647;&#x627; &#x648;&#x628;&#x627;&#x644;&#x62A;&#x639;&#x644;&#x64A;&#x642; &#x639;&#x644;&#x64A;&#x647; &#x627;&#x633;&#x645;&#x627;&#x639;&#x64A;&#x644; &#x628;&#x646; &#x645;&#x62D;&#x645;&#x62F; &#x627;&#x644;&#x627;&#x646;&#x635;&#x627;&#x631;&#x64A;&#x60C; &#x639;&#x628;&#x62F;&#x627;&#x644;&#x644;&#x647; &#x628;&#x646; &#x639;&#x628;&#x62F;&#x627;&#x644;&#x644;&#x637;&#x64A;&#x641; &#x627;&#x644; &#x627;&#x644;&#x634;&#x64A;&#x62E;.talif: muhamad bin eabdalwahaab ; qam bimurajaeat nususih fi asuliha wabialtaeliq ealayh aismaeil bin muhamad alainisary, eabdallah bin eabdallatif al alshaykh.</subfield>
  </datafield>
  <datafield tag="260" ind1=" " ind2=" ">
    <subfield code="a">&#x627;&#x644;&#x631;&#x64A;&#x627;&#x636; :</subfield>
    <subfield code="b">&#x645;&#x643;&#x62A;&#x628;&#x629; &#x627;&#x644;&#x645;&#x639;&#x627;&#x631;&#x641;,</subfield>
    <subfield code="c">[&#x62F;.&#x62A;].</subfield>
  </datafield>
  <datafield tag="300" ind1=" " ind2=" ">
    <subfield code="a">23 &#x635;. ;</subfield>
    <subfield code="c">24 &#x633;&#x645;.</subfield>
  </datafield>
  <datafield tag="650" ind1=" " ind2="7">
    <subfield code="a">The virtue of Islam      &#x641;&#x636;&#x644; &#x627;&#x644;&#x627;&#x633;&#x644;&#x627;&#x645;</subfield>
    <subfield code="9">6309</subfield>
  </datafield>
  <datafield tag="942" ind1=" " ind2=" ">
    <subfield code="2">ddc</subfield>
    <subfield code="c">BK</subfield>
  </datafield>
  <datafield tag="999" ind1=" " ind2=" ">
    <subfield code="c">80963</subfield>
    <subfield code="d">80963</subfield>
  </datafield>
  <datafield tag="952" ind1=" " ind2=" ">
    <subfield code="0">0</subfield>
    <subfield code="1">0</subfield>
    <subfield code="2">ddc</subfield>
    <subfield code="4">0</subfield>
    <subfield code="7">1</subfield>
    <subfield code="8">NFIC</subfield>
    <subfield code="a">RUCL</subfield>
    <subfield code="b">RUCL</subfield>
    <subfield code="c">Reading</subfield>
    <subfield code="d">1992-10-26</subfield>
    <subfield code="e">Asadullah al Ghalib Arabic Department RU</subfield>
    <subfield code="l">0</subfield>
    <subfield code="o">A 297 IBK 195?</subfield>
    <subfield code="r">2022-12-13 00:00:00</subfield>
    <subfield code="t">C-1</subfield>
    <subfield code="w">2022-12-13</subfield>
    <subfield code="y">BK</subfield>
  </datafield>
</record>
